UBT Library

Mathematical Ideas (Record no. 49383)

000 -LEADER
fixed length control field 00296nam a22001337a 4500
008 - FIXED-LENGTH DATA ELEMENTS--GENERAL INFORMATION
fixed length control field 181011b xxu||||| |||| 00| 0 eng d
020 ## - INTERNATIONAL STANDARD BOOK NUMBER
International Standard Book Number 9780321977076
041 ## - LANGUAGE CODE
Language code of text/sound track or separate title eng
080 ## - UNIVERSAL DECIMAL CLASSIFICATION NUMBER
Edition identifier 13th
Universal Decimal Classification number 510
100 ## - Rafti
Rafti 36
101 ## - Shkurtesa
Shkurtesa MAT
245 ## - TITLE STATEMENT
Title Mathematical Ideas
Statement of responsibility, etc Miller,Ch.D
942 ## - ADDED ENTRY ELEMENTS (KOHA)
Source of classification or shelving scheme
Item type Books
Holdings
Withdrawn status Lost status Source of classification or shelving scheme Damaged status Not for loan Collection code Permanent location Current location Shelving location Date acquired Total Checkouts Full call number Barcode Date last seen Price effective from Koha item type
          Koleksioni i përgjithshem UBT - Lipjan UBT - Lipjan Koleksioni i përgjithshem 10/11/2018   510 MIL 002-3014820 10/11/2018 10/11/2018 Books
          Koleksioni i përgjithshem UBT - Lipjan UBT - Lipjan   06/22/2023   51MIL 002-800080653 06/22/2023 06/22/2023 Books
          Koleksioni i përgjithshem UBT - Lipjan UBT - Lipjan   06/22/2023   51MIL 002-800080654 06/22/2023 06/22/2023 Books
          Koleksioni i përgjithshem UBT - Lipjan UBT - Lipjan   07/05/2023   51MIL 002-800080752 07/05/2023 07/05/2023 Books
          Koleksioni i përgjithshem UBT - Lipjan UBT - Lipjan   07/05/2023   51MIL 002-800080753 07/05/2023 07/05/2023 Books
UBT Library © 2015-2024. All rights reserved University Education for Business and Technology